Normal view
MARC view
Entry Personal Name
001 - CONTROL NUMBER
- control field: 1054252
003 - CONTROL NUMBER IDENTIFIER
- control field: OSt
005 - DATE AND TIME OF LATEST TRANSACTION
- control field: 20260121165636.0
008 - FIXED-LENGTH DATA ELEMENTS
- fixed length control field: 260121|| aca||aabn | a|a d
040 ## - CATALOGING SOURCE
- Original cataloging agency: OSt
- Transcribing agency: OSt
100 ## - HEADING--PERSONAL NAME
- Personal name: Manjunath Gorentla Venkata, Neena Imam, Swaroop Pophale, Tiffany M. Mintz
670 ## - SOURCE DATA FOUND
- Source citation: Work cat.: (OSt)1619978: Manjunath Gorentla Venkata, Neena Imam, Swaroop Pophale, Tiffany M. Mintz, OpenSHMEM and Related Technologies. Enhancing OpenSHMEM for Hybrid Environments
